| 000 | 00373nam a2200145Ia 4500 | ||
|---|---|---|---|
| 008 | 230718s9999 xx 000 0 und d | ||
| 041 | _aeng | ||
| 082 |
_a621.388 _bDHA |
||
| 100 | _aDhake A.M. | ||
| 245 | _aTelevision And Video Engineering | ||
| 260 | _bTata Mc-graw Hill Pub. | ||
| 365 |
_cRs. _b295.00 |
||
| 700 | _aDhake A.M. | ||
| 906 |
_dB:339105-Feb-2008 _cETC _b59 |
||
| 999 |
_c318334 _d318334 |
||